Logistický servis zákazníkom
Logistický servis zákazníkom možno definovať ako prostriedok, ktorým sa snažia firmy odlíšiť ich produkt, udržať zákazníkov lojálnych, zvýšiť predaj a zlepšiť zisky. Oblasti, v ktorých možno merať výkon zákazníckeho servisu.
Gespeichert in:
| 1. Verfasser: | |
|---|---|
| Format: | Buchkapitel |
| Sprache: | Slowakisch |
| Schlagworte: | |
| Tags: |
Keine Tags, Fügen Sie das erste Tag hinzu!
|
MARC
| LEADER | 00000naa$a2200000$$$4500 | ||
|---|---|---|---|
| 001 | 0015080 | ||
| 005 | 20221128112951.0 | ||
| 041 | 0 | |a slo | |
| 044 | |a SK | ||
| 245 | 1 | 0 | |a Logistický servis zákazníkom |c aut. Ján Živný |
| 520 | |a Logistický servis zákazníkom možno definovať ako prostriedok, ktorým sa snažia firmy odlíšiť ich produkt, udržať zákazníkov lojálnych, zvýšiť predaj a zlepšiť zisky. Oblasti, v ktorých možno merať výkon zákazníckeho servisu. | ||
| 610 | 2 | 0 | |a servis |
| 610 | 2 | 0 | |a logistika |
| 610 | 2 | 0 | |a služby logistické |
| 610 | 2 | 0 | |a zákazníci |
| 610 | 2 | 0 | |a logistika marketingová |
| 100 | 1 | |a Živný, Ján | |